Report on Trend and Progress of Banking in India 2006-07 (Record no. 179491)

MARC details
000 -LEADER
fixed length control field 00472nam a2200181Ia 4500
008 - FIXED-LENGTH DATA ELEMENTS--GENERAL INFORMATION
fixed length control field 240823s9999||||xx |||||||||||||| ||und||
082 ## - DEWEY DECIMAL CLASSIFICATION NUMBER
-- 330.9 P7
100 ## - MAIN ENTRY--PERSONAL NAME
Personal name Reserve Bank of India
245 #0 - TITLE STATEMENT
Title Report on Trend and Progress of Banking in India 2006-07
250 ## - EDITION STATEMENT
Edition statement 1st
260 ## - PUBLICATION, DISTRIBUTION, ETC. (IMPRINT)
Name of publisher, distributor, etc "Reserve Bank of India,M"
Place of publication, distribution, etc Mumbai
500 ## - GENERAL NOTE
General note YES
650 ## - SUBJECT ADDED ENTRY--TOPICAL TERM
Topical term or geographic name as entry element Banking
942 ## - ADDED ENTRY ELEMENTS (KOHA)
Item type Books
Holdings
Withdrawn status Lost status Damaged status Permanent location Current location Shelving location Date acquired Source of acquisition Cost, normal purchase price Full call number Barcode Date last seen Koha item type
      CENTRAL LIBRARY, NOORUL ISLAM CENTRE FOR HIGHER EDUCATION CENTRAL LIBRARY, NOORUL ISLAM CENTRE FOR HIGHER EDUCATION   03/18/2008 "NICE,Kumaracoil" 600.00 330.9 P7 32808 08/23/2024 Books
Visitors:
Copyright © 2024 Central Library NICHE.  All rights reserved.